000 01074cam a2200349 a 4500
001 4752506
003 OSt
005 20260205114422.0
008 860103s1986 enk b 001 0 eng
010 _a 85031802
020 _a0631132791 :
_c$45.00 (U.S.)
020 _a9780631132790
035 _a4752506
040 _aKABLIB
_cKABLIB
_dKABLIB
050 0 0 _aJC478
_b.C33 1986
082 0 0 _a321.9
_223
_bCAW
100 1 _aCawson, Alan.
_915187
245 1 0 _aCorporatism and political theory /
_cAlan Cawson.
260 _aOxford, UK ;
_aNew York, NY, USA :
_bB. Blackwell,
_cc1986.
300 _avii, 174 p. ;
_c20 cm.
336 _atext
_btxt
_2rdacontent
337 _aunmediated
_bn
_2rdamedia
338 _avolume
_bnc
_2rdacarrier
500 _aIncludes index.
504 _aBibliography: p. [159]-169.
650 0 _aCorporate state.
_915188
650 0 _aCultural pluralism.
650 0 _aState, The.
_911129
906 _a7
_bcbc
_corignew
_d1
_eocip
_f19
_gy-gencatlg
942 _2ddc
_cBOOK
999 _c6013
_d6013